000
00317nam a2200133Ia 4500
003
GCL
008
140319s9999 xx 000 0 ara d
040
_a
GCL /
_c
GCL
082
0
4
_a
962.4
_b
ن ت
245
1
0
_a
تاريخ السودان
260
_a
[S.N] :
_b
دار الجيل ،
_c
1981
300
_a
124 ص
490
_a
999
_c
54944
_d
54944